LIBRARY & INFORMATION CENTRE, KCAET, TAVANUR

ONLINE PUBLIC ACCESS CATALOGUE (OPAC)

Mathematics for the engineering cours, Vol 2 / (Record no. 9901)

MARC details
000 -LEADER
fixed length control field 00443cam a2200181ua 4500
041 ## - LANGUAGE CODE
Language code of text/sound track or separate title eng
082 ## - DEWEY DECIMAL CLASSIFICATION NUMBER
Classification number 518
Item number NAR/MA
100 ## - MAIN ENTRY--AUTHOR NAME
Personal name Narayanan, S .
245 ## - TITLE STATEMENT
Title Mathematics for the engineering cours, Vol 2 /
250 ## - EDITION STATEMENT
Edition statement 1 /
260 ## - PUBLICATION, DISTRIBUTION, ETC. (IMPRINT)
Place of publication Chennai :
Name of publisher S.Viswanathan ,
Year of publication 1963.
300 ## - PHYSICAL DESCRIPTION
Number of Pages 201 ; .
942 ## - ADDED ENTRY ELEMENTS (KOHA)
Koha item type Books
Holdings
Withdrawn status Lost status Damaged status Home library Current library Date acquired Cost, normal purchase price Full call number Accession Number Koha item type
Withdrawn     KAUAET KAUAET 07/04/2012 4.00 519 NAR/MA 7456 Books
free website counter